01820nam a22001697a 4500003000200000005001700002008004100019020001800060050002300078100003800101245017700139260003800316300003200354504002000386520122500406650001901631020250106112459.0250106b xxu||||| |||| 00| 0 eng d a9781032451787 aPN 4162b.B37 2024 aBarrantes, Rafael Lopez-eauthor. aVoice made visible :bmulti-octave voice training and techniques for performers /cRafael Lopez-Barrantes ; edited by Grace Leneghan ; illustrated by Aaron Lopez-Barrantes. aNew York, NY :bRoutledge,c2024. ax, 222 p. :bill. ;c22 cm. aIncludes index. a"Voice Made Visible is an exploration of voice training and performance practice based on the use and application of Multi-Octave Vocal Range techniques. "Multi-Octave" is understood as the arsenal of sounds that exists uniquely within each human voice, beyond the comfortable average octave that we use in everyday life. In Voice Made Visible, Rafael Lopez-Barrantes builds on the voice work created by Alfred Wolfsohn and developed by Roy Hart and his company in France to assist students, artists, and those interested in the performing arts with their vocal practice. He draws from over three decades of multi-cultural performance and teaching, sharing the three fundamental pillars of his system: Fiction, News, and Body Source. This book will help readers unfold their understanding of the voice by strengthening it and inspire them to create new vocal paths for the stage, camera, and voice acting, as well as for their own personal expressive growth. Voice Made Visible is an invaluable resource for students of Acting and Voice courses, as well as working performing artists. For supplemental material, including pedagogical audio-visual clips, please visit www.barrantesvoicesystem.com"--Provided by publisher. aVoice culture.